| 000 | 00588nam a22002057a 4500 | ||
|---|---|---|---|
| 005 | 20260313152835.0 | ||
| 008 | 250508b |||||||| |||| 00| 0 eng d | ||
| 037 | _cTB | ||
| 040 |
_alCT _clCT |
||
| 084 | _aZ2,91 K8;Q2 | ||
| 100 |
_aTripathi, B.N. Mani _91132044 |
||
| 245 | _aJurisprudence (Legal Theory)/ | ||
| 250 | _a19th ed. | ||
| 260 |
_aFaridabad, India: _bAllahabad Law Agency, _c2015 |
||
| 300 | _axxxii, 544p. | ||
| 650 | _aLaw | ||
| 650 |
_a Jurisprudence _9754938 |
||
| 650 | _aLegal Theory | ||
| 942 |
_2CC _cTB _hZ2,91 K8;Q2 _n0 |
||
| 999 |
_c1367472 _d1367472 |
||